<?xml version="1.0" encoding="UTF-8"?>
<record
    xmlns:xsi="http://www.w3.org/2001/XMLSchema-instance"
    xsi:schemaLocation="http://www.loc.gov/MARC21/slim http://www.loc.gov/standards/marcxml/schema/MARC21slim.xsd"
    xmlns="http://www.loc.gov/MARC21/slim">

  <leader>01490cam a22003135a 4500</leader>
  <controlfield tag="001">4471131</controlfield>
  <controlfield tag="005">20160310113554.0</controlfield>
  <controlfield tag="008">960529t2012    ilua   frb    001 0 eng d</controlfield>
  <datafield tag="020" ind1=" " ind2=" ">
    <subfield code="a">9780867154757</subfield>
  </datafield>
  <datafield tag="040" ind1=" " ind2=" ">
    <subfield code="a">DNLM/DLC</subfield>
    <subfield code="b">eng</subfield>
    <subfield code="c">DLC</subfield>
    <subfield code="d">DLC</subfield>
    <subfield code="d">EG-ScBUE</subfield>
    <subfield code="d">EG-ScBUE</subfield>
  </datafield>
  <datafield tag="082" ind1="0" ind2="4">
    <subfield code="a">617.69</subfield>
    <subfield code="b">FUN</subfield>
    <subfield code="2">22</subfield>
  </datafield>
  <datafield tag="245" ind1="0" ind2="0">
    <subfield code="a">Fundamentals of fixed prosthodontics /</subfield>
    <subfield code="c">Herbert T. Shillingburg ... [et al.] ; illustrations by Suzan E. Stone.</subfield>
  </datafield>
  <datafield tag="250" ind1=" " ind2=" ">
    <subfield code="a">4th ed.</subfield>
  </datafield>
  <datafield tag="260" ind1=" " ind2=" ">
    <subfield code="a">Hanover Park :</subfield>
    <subfield code="b">Quintessence Publishing,</subfield>
    <subfield code="c">c.2012.</subfield>
  </datafield>
  <datafield tag="300" ind1=" " ind2=" ">
    <subfield code="a">x, 574 p. :</subfield>
    <subfield code="b">ill. (some col.) ;</subfield>
    <subfield code="c">29 cm.</subfield>
  </datafield>
  <datafield tag="500" ind1=" " ind2=" ">
    <subfield code="a">Rev. ed. of: Fundamentals of fixed prosthodontics / Herbert T. Shillingburg, Jr., Sumiya Hobo, Lowell D. Whitsett. 2nd ed. 1981.</subfield>
  </datafield>
  <datafield tag="500" ind1=" " ind2=" ">
    <subfield code="a">Index : p. 555-574.</subfield>
  </datafield>
  <datafield tag="504" ind1=" " ind2=" ">
    <subfield code="a">Includes bibliographical references.</subfield>
  </datafield>
  <datafield tag="520" ind1=" " ind2=" ">
    <subfield code="a">Designed to serve as an introduction to restorative dentistry techniques using fixed partial dentures and cast metal, metal-ceramic, and all-ceramic restorations, this book provides the background knowledge needed by the novice and serves as a refresher for the practitioner or graduate student.</subfield>
  </datafield>
  <datafield tag="650" ind1=" " ind2="7">
    <subfield code="a">Prosthodontics.</subfield>
    <subfield code="2">BUEsh</subfield>
    <subfield code="9">30625</subfield>
  </datafield>
  <datafield tag="650" ind1=" " ind2="7">
    <subfield code="a">Bridges (Dentistry)</subfield>
    <subfield code="2">BUEsh</subfield>
    <subfield code="9">32532</subfield>
  </datafield>
  <datafield tag="650" ind1=" " ind2="7">
    <subfield code="a">Crowns (Dentistry)</subfield>
    <subfield code="2">BUEsh</subfield>
    <subfield code="9">32533</subfield>
  </datafield>
  <datafield tag="650" ind1=" " ind2="0">
    <subfield code="a">Denture, Partial, Fixed.</subfield>
    <subfield code="2">BUEsh</subfield>
    <subfield code="9">30626</subfield>
  </datafield>
  <datafield tag="651" ind1=" " ind2=" ">
    <subfield code="2">BUEsh</subfield>
  </datafield>
  <datafield tag="653" ind1=" " ind2=" ">
    <subfield code="b">DDent</subfield>
    <subfield code="c">July2012</subfield>
    <subfield code="c">March2016</subfield>
  </datafield>
  <datafield tag="700" ind1="1" ind2=" ">
    <subfield code="a">Shillingburg, Herbert T.</subfield>
    <subfield code="9">30629</subfield>
  </datafield>
  <datafield tag="700" ind1="1" ind2=" ">
    <subfield code="a">Stone, Suzan E., </subfield>
    <subfield code="e">printer of plates.</subfield>
  </datafield>
  <datafield tag="942" ind1=" " ind2=" ">
    <subfield code="2">ddc</subfield>
    <subfield code="c">DN</subfield>
  </datafield>
  <datafield tag="999" ind1=" " ind2=" ">
    <subfield code="c">16878</subfield>
    <subfield code="d">16878</subfield>
  </datafield>
  <datafield tag="952" ind1=" " ind2=" ">
    <subfield code="0">0</subfield>
    <subfield code="1">0</subfield>
    <subfield code="2">ddc</subfield>
    <subfield code="4">0</subfield>
    <subfield code="7">0</subfield>
    <subfield code="8">Baccah</subfield>
    <subfield code="a">MAIN</subfield>
    <subfield code="b">MAIN</subfield>
    <subfield code="c">1ST</subfield>
    <subfield code="d">2012-07-12</subfield>
    <subfield code="e">purchase</subfield>
    <subfield code="g">650.00</subfield>
    <subfield code="h">15465</subfield>
    <subfield code="l">3</subfield>
    <subfield code="m">18</subfield>
    <subfield code="o">617.69 FUN</subfield>
    <subfield code="p">000026975</subfield>
    <subfield code="r">2025-07-15 00:00:00</subfield>
    <subfield code="s">2022-03-27</subfield>
    <subfield code="y">BB</subfield>
  </datafield>
  <datafield tag="952" ind1=" " ind2=" ">
    <subfield code="0">0</subfield>
    <subfield code="1">0</subfield>
    <subfield code="2">ddc</subfield>
    <subfield code="4">0</subfield>
    <subfield code="7">0</subfield>
    <subfield code="8">Baccah</subfield>
    <subfield code="a">MAIN</subfield>
    <subfield code="b">MAIN</subfield>
    <subfield code="c">1ST</subfield>
    <subfield code="d">2012-07-12</subfield>
    <subfield code="e">purchase</subfield>
    <subfield code="g">650.00</subfield>
    <subfield code="h">15465</subfield>
    <subfield code="l">6</subfield>
    <subfield code="m">20</subfield>
    <subfield code="o">617.69 FUN</subfield>
    <subfield code="p">000026976</subfield>
    <subfield code="r">2025-07-15 00:00:00</subfield>
    <subfield code="s">2025-04-19</subfield>
    <subfield code="y">BB</subfield>
  </datafield>
  <datafield tag="952" ind1=" " ind2=" ">
    <subfield code="0">0</subfield>
    <subfield code="1">0</subfield>
    <subfield code="2">ddc</subfield>
    <subfield code="4">0</subfield>
    <subfield code="7">0</subfield>
    <subfield code="8">Al-Dar AlA</subfield>
    <subfield code="a">MAIN</subfield>
    <subfield code="b">MAIN</subfield>
    <subfield code="c">1ST</subfield>
    <subfield code="d">2016-03-10</subfield>
    <subfield code="e">Purchase</subfield>
    <subfield code="g">1300.00</subfield>
    <subfield code="h">582</subfield>
    <subfield code="l">3</subfield>
    <subfield code="m">21</subfield>
    <subfield code="o">617.69 FUN</subfield>
    <subfield code="p">000031944</subfield>
    <subfield code="r">2025-07-15 00:00:00</subfield>
    <subfield code="s">2018-10-25</subfield>
    <subfield code="v">1625.00</subfield>
    <subfield code="y">BB</subfield>
  </datafield>
</record>
